Assessment made incredibly easy! (Record no. 60327)

MARC details
000 -LEADER
fixed length control field 00617nam a22001937a 4500
005 - DATE AND TIME OF LATEST TRANSACTION
control field 20260402084254.0
008 - FIXED-LENGTH DATA ELEMENTS--GENERAL INFORMATION
fixed length control field 260402b |||||||| |||| 00| 0 eng d
020 ## - INTERNATIONAL STANDARD BOOK NUMBER
International Standard Book Number 9781582553917
050 ## - LIBRARY OF CONGRESS CALL NUMBER
Classification number RT48
Item number .A87 2005
245 ## - TITLE STATEMENT
Title Assessment made incredibly easy!
250 ## - EDITION STATEMENT
Edition statement 3rd ed.
260 ## - PUBLICATION, DISTRIBUTION, ETC. (IMPRINT)
Place of publication, distribution, etc Philadelphia, PA :
Name of publisher, distributor, etc Lippincott Williams & Wilkins,
Date of publication, distribution, etc 2005.
300 ## - PHYSICAL DESCRIPTION
Extent vi, 378 p. :
Other physical details ill.;
Dimensions 24 cm.
500 ## - GENERAL NOTE
General note Includes bibliographical references (p. 372) and index.
650 ## - SUBJECT ADDED ENTRY--TOPICAL TERM
Topical term or geographic name as entry element Nursing assessment
650 ## - SUBJECT ADDED ENTRY--TOPICAL TERM
Topical term or geographic name as entry element Physical Examination
700 ## - ADDED ENTRY--PERSONAL NAME
Personal name Lippincott Williams & Wilkins.
942 ## - ADDED ENTRY ELEMENTS (KOHA)
Source of classification or shelving scheme Library of Congress Classification
Item type Book

No items available.